Sử thi Raglai Quyển 4
.
Đã lưu trong:
| Tác giả chính: | |
|---|---|
| Định dạng: | Sách |
| Năm xuất bản: |
H.
Khoa học xã hội
2014
|
| Chủ đề: | |
| Tags: |
Thêm thẻ
Không có thẻ, Hãy là người đầu tiên gắn thẻ bản ghi này!
|
| LEADER | 00884nam a2200193 4500 | ||
|---|---|---|---|
| 082 | |a 398.209597 |b V 500 A | ||
| 100 | |a Vũ Anh Tuấn | ||
| 245 | |a Sử thi Raglai |c Vũ Anh tuấn chủ biên, Vũ Quang Dũng biên soạn |n Quyển 4 | ||
| 260 | |a H. |b Khoa học xã hội |c 2014 | ||
| 300 | |a 429tr. |c 21cm | ||
| 520 | |a . | ||
| 653 | |a Văn học dân gian | ||
| 653 | |a Dân tộc Raglai | ||
| 653 | |a Sử thi | ||
| 653 | |a Việt Nam | ||
| 942 | |2 ddc |c SH | ||
| 999 | |c 5755 |d 5755 | ||
| 952 | |0 0 |1 0 |2 ddc |4 0 |6 398_209597000000000_V_500_A |7 0 |8 300 |9 52632 |a qbu |b qbu |c D2 |d 2014-12-29 |g 86000 |o 398.209597 V 500 A |p 4917.C1 |r 0000-00-00 |w 2014-12-29 |y SH |0 0 |6 398_209597000000000_V_500_A |0 0 |6 398_209597000000000_V_500_A | ||
| 952 | |0 0 |1 0 |2 ddc |4 0 |6 398_209597000000000_V_500_A |7 0 |8 300 |9 76964 |a qbu |b qbu |c D2 |d 2015-06-10 |g 86000 |o 398.209597 V 500 A |p 4917.c2 |r 0000-00-00 |w 2015-06-10 |y SH |0 0 |6 398_209597000000000_V_500_A | ||